1441 1051 1034 1887 1202 1776 1885 1909 1496 1867 1471 1369 1345 1602 1095 1779 1637 1218 1488 1027 1968 1887 1130 1533 1234 1593 1887 1097 1107 1928 1777 1739 1535 1084 1061 1715 1916 1882 1396 1672 1814 1335 1227 1932 1131 1537 1565 1321 1232 1123 1519 1324 1439 1481 1620 1465 1418 1134 1233 1981 1926 1272 1793 1590 1000 1320 1552 1954 1850 1827 1588 1905 1092 1653 1104 1690 1149 1520 1557 1969 1824 1076 1933 1367 1465 1252 1486 1060 1195 1905 1345 1329 1558 1438 1960 1672 1695 1159 1779 BCNSPRNW ULIB Ver.6.0+V

เปลี่ยนเป็นภาษาไทย

Change to English
 แสดงรายละเอียดบรรณานุกรม
  กลับหน้าหลัก

Brief Record : Get Marc (ISO 2709) : E-mail record : QR code < ปิดหน้าต่าง
LEADER : 00000nam 2200000uu 4500
001    13399126756
003     ULIB
008    190227s2561||||th 000 0 tha d
020    ^a9786164431249
060    ^aWN208^bจ253ค
100    ^aจันทร์จิรา ชัชวาลา ฐิติพร สุวัฒนะพงศ์เชฏ และสิทธิ์ พงษ์กิจการุณ
245    ^aคลื่นเสียงความถี่สูงในผู้ป่วยวิกฤตและฉุกเฉิน=Ultrasound in Critical and Emergency Conditions/^cจันทร์จิรา ชัชวาลา ฐิติพร สุวัฒนะพงศ์เชฏ และสิทธิ์ พงษ์กิจการุณ
250    ^aพิมพ์ครั้งที่ 1
260    ^aกรุงเทพฯ :^bโครงการตำรารามาธิบดี คณะแพทยศาสตร์โรงพยาบาลรามาธิบดี มหาวิทยาลัยมหิดลา,^c2561
300    ^a318 หน้า^bภาพประกอบ
650    ^aคลื่นเหนือเสียง
650    ^aผู้ป่วยหนัก^xการวินิจฉัยด้วยคลื่นเหนือเสียง
945    ^p650^l0^i27138
945    ^p650^l0^i27139
999    ^aกัณชพร จุลอักษร
รายการนี้ยังไม่มีแท็ก
คุณยังไม่ได้ล็อกอิน คุณสามารถมีกิจกรรมร่วมกับเว็บไซต์ได้ แต่ต้องล็อกอินก่อน ::
  ล็อกอิน

รายการสื่อสารสนเทศ

ลำดับที่ ประเภท เลขเรียก/บาร์โค้ด สถานที่ สถานะ
1. หนังสือสำรอง
หนังสือสำรอง
WN208 จ253ค ฉ.1 
  Barcode: 27138
ห้องสมุดวิทยาเขตสวรรค์ประชารักษ์
►หนังสือทั่วไป
บนชั้น
2. วิทยาศาสตร์การแพทย์ และสุขภาพ
วิทยาศาสตร์การแพทย์ และสุขภาพ
WN208 จ253ค ฉ.2 
  Barcode: 27139
ห้องสมุดวิทยาเขตสวรรค์ประชารักษ์
►หนังสือทั่วไป
บนชั้น

รายการใกล้เคียง
    ผู้แต่ง [จันทร์จิรา ชัชวาลา ฐิติพร สุวัฒนะพงศ์เชฏ และสิทธิ์ พงษ์กิจการุณ]

    หัวเรื่อง [คลื่นเหนือเสียง]

BibComment


ยังไม่เคยถูกคอมเมนท์

คอมเมนท์ทรัพยากรรายการนี้
  คอมเมนท์: คลื่นเสียงความถี..


 Copyright 2026. Bcnsprnw @Library